01587nam a2200313 a 450000100060000000300080000600500170001400800410003102000160007203500190008804000320010704100080013908200250014710000380017224500700021025000110028026000970029130000350038850400530042365000190047670000400049594200120053599900170054795201400056495201340070495201450083895201450098395201450112811947BD-RjUL20211208235217.0160619s19751971enka b 001 0 eng  a0470336757: a(BD-RjUL)11996 aDLCcDLCdDLCdBD-RjULbeng aeng00a572.57bGUL 19752231 aGurr, M. I.q(Michael Ian)93704110aLipid biochemistry :ban introduction /cM. I. Gurr, A. T. James. a2d ed. aLondon :bChapman and Hall ;aNew York :bdistributed in the U.S.A. by Halsted Press,c1975. aviii, 244 p. :bill. ;c22 cm. aIncludes bibliographical references and indexes. 0aLipids.9370421 aJames, A. T.,ejoint author.937043 2ddccBK c11947d11947 00102ddc4070aRUCLbRUCLcStackd1977-04-18eW. Heffer and Sons.g3.90l0o572.57 GUL 1975r2014-01-27 00:00:00tC-2w2021-12-08yBK 00102ddc40708NFICaRUCLbRUCLcStackd1981-12-17eHeffersg5.50l0o572.57 GUL 1975r2016-07-18 00:00:00tC-3w2021-12-08yBK 00102ddc40708NFICaRUCLbRUCLcStackd1981-12-17eW. Heffer and sonsg5.50l0o572.57 GUL 1975r2017-05-24 00:00:00tC-4w2017-05-24yBK 00102ddc40708NFICaRUCLbRUCLcStackd1981-12-17eW. Heffer and sonsg5.50l0o572.57 GUL 1975r2017-05-24 00:00:00tC-5w2017-05-24yBK 00102ddc40708NFICaRUCLbRUCLcStackd1981-12-17eW. Heffer and sonsg5.50l0o572.57 GUL 1975r2017-05-24 00:00:00tC-6w2017-05-24yBK